| 000 | 01430cam a2200361 a 4500 | ||
|---|---|---|---|
| 001 | 587720 | ||
| 003 | OSt | ||
| 005 | 20140310184353.0 | ||
| 008 | 900516r1990 ctua 001 1 eng | ||
| 010 | _a 90156548 | ||
| 020 | _a0345339738 | ||
| 040 |
_aDLC _cDLC _dOCoLC |
||
| 050 | 0 | 0 |
_aPR 6039.O32 _b.T649 1955 |
| 100 | 1 |
_aTolkien, J. R. R. _q(John Ronald Reuel), _d1892-1973. _925311 |
|
| 245 | 1 | 4 |
_aThe return of the king : _bbeing the third part of the the lord of the rings / _cJ.R.R. Tolkien |
| 260 |
_aNew York, NY : _bScholastic Inc., _c1955. |
||
| 300 |
_a490 p. : _c18 cm. |
||
| 490 | 1 |
_aThe Lord of the rings / J.R.R. Tolkien ; _vpt. 3 |
|
| 500 | _a"Reprinted with tne permission of the publisher, Houghton Mifflin Company"--T.p. verso. | ||
| 500 | _aIncludes index. | ||
| 500 | _aOne col. map on folded sheet inserted. | ||
| 521 | _aG8 | ||
| 526 | _c920 | ||
| 650 | 0 |
_aBaggins, Frodo (Fictitious character) _xFiction. _925312 |
|
| 650 | 0 |
_aMiddle Earth (Imaginary place) _xFiction. _925313 |
|
| 655 | 7 |
_aFantasy fiction. _2gsafd _93053 |
|
| 800 | 1 |
_aTolkien, J. R. R. _q(John Ronald Reuel), _d1892-1973. _tLord of the rings (1990) ; _vpt. 3. _925314 |
|
| 906 |
_a7 _bcbc _corignew _d2 _encip _f19 _gy-gencatlg |
||
| 942 |
_2lcc _cBK-SCHOLAS |
||
| 999 |
_c33969 _d33969 |
||